| 000 | 01226nam a2200349 i 4500 | ||
|---|---|---|---|
| 001 | 197027 | ||
| 003 | ES-MaACL | ||
| 005 | 20250718172934.0 | ||
| 007 | ta | ||
| 008 | 250314r20231945sp | |||| 000 p spa | ||
| 017 |
_aM 20465-2024 _bOficina de Depóstilo Legal Madrid |
||
| 020 | _a9788432168840 | ||
| 035 | _a(OCoLC)644720607 | ||
| 035 | _a(SpMaBN)a6045895 | ||
| 040 |
_aSpMaBN _bspa _cSpMaBN _erdc _dES-MaACL |
||
| 080 | _a821.134.2-14"19" | ||
| 100 | 1 |
_aMuñoz Rojas, José Antonio, _d1909-2009 _984489 _eaut |
|
| 245 | 1 | 0 |
_aAbril del alma / _cJosé A. Muñoz Rojas. |
| 250 | _aEdición facsímil, original 1943 | ||
| 260 |
_aMadrid : _bHispánica, _c2024. |
||
| 300 |
_a58 páginas ; _c15 cm. |
||
| 336 |
_aTexto (visual) _2isbdcontent |
||
| 337 |
_asin mediación _2isbdmedia |
||
| 338 |
_2rdacarrier _avolumen |
||
| 490 | 1 |
_aAdonáis ; _v4 |
|
| 655 | 7 |
_2tgfbne _9176539 _aPoesías |
|
| 852 |
_aES-MaACL _cDEPO2 _jJ-23-4 _xEncuadernación rústica _9206237 _hDonación: Editorial |
||
| 942 |
_n0 _cMONOGRAFIA |
||
| 999 |
_c197027 _d197027 |
||